| 000 | 00813nam a22002655a 4500 | ||
|---|---|---|---|
| 005 | 20161117140436.0 | ||
| 008 | 161103t2016 enka frb 001 0 eng d | ||
| 020 | _a9781138858411 | ||
| 020 | _a9781138858404 | ||
| 020 | _a9781315718033 | ||
| 040 |
_aEG-ScBUE _beng _cEG-ScBUE _dEG-ScBUE |
||
| 082 | 0 | 4 |
_a333.7924 _bROT _222 |
| 100 | 1 | _aRothwell, Geoffrey. | |
| 245 | 1 | 0 |
_aEconomics of nuclear power / _cGeoffrey Rothwell. |
| 260 |
_aNew York : _bRoutledge, _c2016. |
||
| 300 |
_axxxviii, 234 p. : _bill. ; _c23 cm. |
||
| 500 | _aIndex : p. 227-234. | ||
| 504 | _aIncludes bibliographical references. | ||
| 590 | _aSuzan Ashmawy | ||
| 650 | 7 |
_aNuclear energy. _xEconomic aspects. _2BUEsh |
|
| 650 | 7 |
_aNuclear industry. _2BUEsh _935819 |
|
| 651 | _2BUEsh | ||
| 653 |
_bBUSECO _cOctober2016 |
||
| 942 | _2ddc | ||
| 999 |
_c23020 _d22992 |
||